MAASAI MARA UNIVERSITY

LIBRARY CATALOGUE

Contact Us: +254 020 2685356/7 or 0774 057787

Box: 861-20500, NAROK, KENYA

Email: info@mmarau.ac.ke

Plant propagation : (Record no. 26589)

MARC details
000 -LEADER
fixed length control field 00797nam a22002417a 4500
003 - CONTROL NUMBER IDENTIFIER
control field OSt
005 - DATE AND TIME OF LATEST TRANSACTION
control field 20220921035433.0
008 - FIXED-LENGTH DATA ELEMENTS--GENERAL INFORMATION
fixed length control field 170331b xxu||||| |||| 00| 0 eng d
020 ## - INTERNATIONAL STANDARD BOOK NUMBER
International Standard Book Number 0136810160 :
040 ## - CATALOGING SOURCE
Original cataloging agency MMU
Transcribing agency MMU
Modifying agency MMU
Language of cataloging eng
050 00 - LIBRARY OF CONGRESS CALL NUMBER
Classification number SB119
Item number .H3 1990
082 00 - DEWEY DECIMAL CLASSIFICATION NUMBER
Classification number 631.5/3
Edition number 20
100 1# - MAIN ENTRY--PERSONAL NAME
Personal name Hartmann, Hudson Thomas,
Dates associated with a name 1914-
245 10 - TITLE STATEMENT
Title Plant propagation :
Remainder of title principles and practices /
Statement of responsibility, etc. Hudson T. Hartmann, Dale E. Kester, Fred T. Davies, Jr.
250 ## - EDITION STATEMENT
Edition statement 5th ed.
260 ## - PUBLICATION, DISTRIBUTION, ETC. (IMPRINT)
Place of publication, distribution, etc. Englewood Cliffs, N.J. :
Name of publisher, distributor, etc. Prentice Hall,
Date of publication, distribution, etc. c1990.
300 ## - PHYSICAL DESCRIPTION
Extent viii, 647 p. :
Other physical details ill. (some col.) ;
Dimensions 27 cm.
500 ## - GENERAL NOTE
General note Includes bibliographical references and indexes.
650 #0 - SUBJECT ADDED ENTRY--TOPICAL TERM
Topical term or geographic name as entry element Plant propagation.
700 1# - ADDED ENTRY--PERSONAL NAME
Personal name Kester, Dale E.
700 1# - ADDED ENTRY--PERSONAL NAME
Personal name Davies, Fred T.,
Dates associated with a name 1949-
942 ## - ADDED ENTRY ELEMENTS (KOHA)
Source of classification or shelving scheme Library of Congress Classification
Koha item type L
Holdings
Withdrawn status Lost status Source of classification or shelving scheme Damaged status Not for loan Home library Current library Date acquired Source of acquisition Total Checkouts Full call number Barcode Date last seen Date last checked out Price effective from Koha item type
    Library of Congress Classification     Maasai Mara University Library -Main Campus Maasai Mara University Library -Main Campus 03/31/2017 Donation -T4C 1 SB119 .H3 1990 17030191 03/02/2021 03/03/2020 03/31/2017 L
© 2016 Maasai Mara University.